00541nam a2200169Ia 450000500170000000800410001702000150005808200130007310000180008624500420010426000430014630000130018950000530020294200060025595200950026199900150035620250509023526.0240331s9999 xx 000 0 und d a9558534269 bGUNa891 aGunawardena,C 0aAthmaabhimanaya saha athma vishvasaya aNugegodabChamathka Publicationsc2005 a176 p ., aA Book about Self Motivation and self Confidence cL 001040708LaWERCLbWERCLcSSCd2024-03-31l0o 159 GUNp5641r2024-03-31w2024-03-31yL c5041d5041